Easy Football Logos - Statistics

General Stats
  • This quiz has been taken 166 times
  • The average score is 14 of 15
Answer Stats
Picture Answer % Correct
Barcelona
99%
Liverpool
99%
Paris Saint-Germain
99%
Manchester United
97%
Real Madrid
97%
Bayern Munich
96%
Juventus
93%
Tottenham Hotspur
93%
Leicester City
92%
Wolverhampton Wanderers
91%
Brighton & Hove Albion
83%
Brentford
81%
Southampton
80%
Watford
80%
Swansea City
78%
No matching quizzes found
Score Distribution
Percent of People with Each Score
Percentile by Number Answered
Your Score History
You have not taken this quiz